000 00286nam a2200109Ia 4500
008 220204s9999 xx 000 0 und d
082 _a615.7
_bZAJ.2
100 _aZajic, J E
245 0 _aWater pollution: disposal and reuse. V 2
260 _aNew York
_bMarcel Dekker
_c1971
942 _cBK
999 _c28488
_d28488